000 00703nam a2200241 a 4500
008
020 _a0471578541 (cased)
049 _aMAIN
090 _aHG3881
100 1 _aO'Brien, Thomas J.
245 1 0 _aGlobal financial management /
_cThomas J. O'Brien.
260 _aBrisbane :
_bWiley,
_c1996.
300 _axvi, 400 p. :
_bill. (some col.), maps ;
_c24 cm.
504 _aIncludes bibliographical references.
500 _aIncudes index.
650 0 _aInternational finance.
650 0 _aForeign exchange.
907 _a.b1002718x
_b28-11-07
_c17-04-03
003
005 20230123133515.0
040 _cNUST
942 _cBOOKS
_kHG3881
999 _c149790
_d149790